| 000 | 00829cam a22002651 4500 | ||
|---|---|---|---|
| 001 | sa 68013358 | ||
| 003 | DLC | ||
| 005 | 20260227112621.0 | ||
| 008 | 910920s1966 ce b 000 0 sino | ||
| 010 | _asa 68013358 | ||
| 035 | _a(OCoLC)24427722 | ||
| 040 |
_aDLC _cWaU _dDLC |
||
| 041 | 0 | _asnhsan | |
| 050 | 0 | 0 |
_aPK2916 _b.V2817 |
| 100 | 0 |
_aVāmana, _dactive 800. |
|
| 245 | 1 | 0 | _aŚrī Vāmanayan gē Kāvyālaṅkāra sūtra vr̥ttiya. |
| 260 | _c[1966] | ||
| 300 |
_alxxii, 152 p. _c18 cm. |
||
| 500 | _aSanskrit and Sinhalese; introductory matter and notes in Sinhalese. | ||
| 504 | _aIncludes bibliographical references. | ||
| 650 | 0 |
_aSanskrit language _xRhetoric. |
|
| 650 | 0 |
_aPoetics _vEarly works to 1800. |
|
| 700 | 1 |
_aKulasūriya, Ānanda Salgādu, _d1925- |
|
| 740 | 0 | _aKāvyālaṅkāra sūtra vr̥ttiya. | |
| 999 |
_c85059 _d85059 |
||